000 00583nam a22001817a 4500
005 20251108164043.0
008 250721s1993 xx 000 0 ara d
082 1 4 _a216,89/مطع
100 1 _aالمطعني، عبد العظيم إبراهيم
245 1 0 _aعقوبة الإرتداد عن الدين بين الأدلة الشرعية و شبهات المنكرين /
264 1 _aالقاهرة :
_bمكتبة وهبه،
_c1993.
300 _a103ص
650 1 7 _aالإسلام
650 1 7 _aالفقه
650 1 7 _aالعقوبات
942 _2ddc
_cBK
999 _c2423
_d2423